| 000 | 01061nam a22002537a 4500 | ||
|---|---|---|---|
| 005 | 20170124103048.0 | ||
| 010 | _aA-590661 | ||
| 020 | _c35.00 | ||
| 035 | _aA-590661 | ||
| 037 | _bCen Lib/Ret | ||
| 040 |
_aDPL _bHN |
||
| 082 |
_aक _bशर्मारू |
||
| 100 |
_aशर्मा, रूपनारायण _969670 |
||
| 245 |
_aपाताल गंगा / _cरूपनारायण शर्मा |
||
| 246 |
_aPatal ganga / _bby Roopnarayan Sharma |
||
| 260 |
_aदिल्ली _bसत्साहित्य भंडार _c1999 |
||
| 270 |
_a५७-बी, पॉकेट ए, फेज ii अशोक विहार _bदिल्ली _e110052 |
||
| 300 |
_a88पृ. _c16सेमी (सजिल्द ) |
||
| 650 |
_aहिंदी साहित्य _x _z _969671 |
||
| 650 |
_aहिंदी साहित्य _v _xकहानियां _969672 |
||
| 650 |
_aHindi literature _969673 |
||
| 650 |
_aHindi literature _xstories _969674 |
||
| 942 |
_2ddc _cHN _hक _mशर्मारू |
||
| 999 |
_c117031 _d117031 |
||